Problems in classical electromagnetism : (Record no. 53246)

MARC details
000 -LEADER
fixed length control field 00586nam a2200205Ia 4500
005 - DATE AND TIME OF LATEST TRANSACTION
control field 20260429112255.0
008 - FIXED-LENGTH DATA ELEMENTS--GENERAL INFORMATION
fixed length control field 260429s9999||||xx |||||||||||||| ||und||
020 ## - INTERNATIONAL STANDARD BOOK NUMBER
International Standard Book Number 9783031222375
041 ## - LANGUAGE CODE
Language English
082 ## - DEWEY DECIMAL CLASSIFICATION NUMBER
Classification number 535.2
Item number MAC
100 ## - MAIN ENTRY--PERSONAL NAME
Personal name Macchi, Andrea
245 #0 - TITLE STATEMENT
Title Problems in classical electromagnetism :
Remainder of title 203 exercises with solutions /
Statement of responsibility, etc Andrea Macchi
250 ## - EDITION STATEMENT
Edition statement 2nd ed.
260 ## - PUBLICATION, DISTRIBUTION, ETC. (IMPRINT)
Place of publication, distribution, etc Switzerland :
Name of publisher, distributor, etc Springer,
Date of publication, distribution, etc 2023.
300 ## - PHYSICAL DESCRIPTION
Extent xvii, 581 p.; pbk
650 ## - SUBJECT ADDED ENTRY--TOPICAL TERM
Topical term or geographic name as entry element Electromagnetism
700 ## - ADDED ENTRY--PERSONAL NAME
Personal name Moruzzi, Giovanni
700 ## - ADDED ENTRY--PERSONAL NAME
Personal name Pegoraro, Francesco
942 ## - ADDED ENTRY ELEMENTS (KOHA)
Koha item type Text Books
Holdings
Withdrawn status Lost status Damaged status Not for loan Collection code Home library Location Shelving location Date of Cataloging Source of acquisition Total Checkouts Full call number Barcode Date last seen Price effective from Koha item type
        Non-fiction CUTN Central Library CUTN Central Library Sciences 29/04/2026 Segment Book Distributors, New Delhi - Invoice No. 71459 on 09-02-2026   535.2 MAC 58574 29/04/2026 29/04/2026 Text Books